The last wild (Record no. 80618)

MARC details
000 -LEADER
fixed length control field 00684nam a2200169 a 4500
008 - FIXED-LENGTH DATA ELEMENTS--GENERAL INFORMATION
fixed length control field 201118s2013 ||||||||||||||||| || u
020 ## - INTERNATIONAL STANDARD BOOK NUMBER
International Standard Book Number 9781780878300
050 ## - LIBRARY OF CONGRESS CALL NUMBER
Classification number PZ 7.T6443428
100 ## - MAIN ENTRY--PERSONAL NAME
Personal name Torday, Piers
245 14 - TITLE STATEMENT
Title The last wild
Statement of responsibility, etc. By Piers Torday
260 ## - PUBLICATION, DISTRIBUTION, ETC.
Place of publication, distribution, etc. 2013
Name of publisher, distributor, etc. Quercus Children's books
Date of publication, distribution, etc. 2013
300 ## - PHYSICAL DESCRIPTION
Extent 325 pages
350 ## -
-- 8.62
650 ## - SUBJECT ADDED ENTRY--TOPICAL TERM
Topical term or geographic name entry element ENGLISH LANGUAGE
995 ## -
-- FICTION Collection
-- 750498
-- CBU-MAIN LIBRARY (Kitwe)
-- 8.62
-- PZ 7.T6443428
-- 2
-- AVAILABLE
-- Dec 10, 2020
-- 750498
-- Fiction Collection
995 ## -
-- FICTION Collection
-- 8.62
-- 905202
-- CBU-SCHOOL OF MEDICINE LIBRARY (Ndola)
-- PZ 7.T6443428
-- 1
-- AVAILABLE
-- Nov 19, 2020
-- 905202
-- Fiction Collection
999 ## -
-- 80618
-- 80618

No items available.